00469nam a2200193Ia 4500008004100000020001800041050001600059100001600075245002200091245001600113245004400129260001500173260001600188260001100204300001500215300002700230300001000257500000800267170918s9999 xx 000 0 und d a9780531210437 bM236 [1989] aMalam, John aScary creatures : bpinnipeds / cJohn Malam ; created by David Salariya. aNew York : bScholastic, c[1989] a32 pages : bcolored illustration ; c28cm. a930